| Tag |
First Indicator |
Second Indicator |
Subfields |
| LEADER |
00000cam a2200000 4500 |
| 001 |
in00000054711 |
| 005 |
20151008052105.0 |
| 008 |
750711s1955 nyu 00000 eng u |
| 010 |
|
|
|a 55005955
|
| 035 |
|
|
|a (OCoLC)01444749
|
| 035 |
|
|
|9 AAH1619AM
|
| 040 |
|
|
|c JPL
|d TXA
|d UtOrBLW
|
| 041 |
1 |
|
|a eng
|a ger
|
| 049 |
|
|
|a TXAM
|c [247787]
|
| 050 |
0 |
0 |
|a HV8959.R9
|b S313
|
| 082 |
0 |
|
|a 365.65
|
| 092 |
|
|
|a 365.65
|b S368v
|
| 100 |
1 |
|
|a Scholmer, Joseph.
|
| 245 |
1 |
0 |
|a Vorkuta /
|c Translated from the German by Robert Kee.
|
| 250 |
|
|
|a [1st ed.].
|
| 264 |
|
1 |
|a New York :
|b Holt,
|c [1955]
|
| 300 |
|
|
|a 304 pages :
|b illustrations ;
|c 22 cm.
|
| 336 |
|
|
|a text
|b txt
|2 rdacontent
|
| 337 |
|
|
|a unmediated
|b n
|2 rdamedia
|
| 338 |
|
|
|a volume
|b nc
|2 rdacarrier
|
| 650 |
|
0 |
|a Forced labor
|z Soviet Union.
|
| 651 |
|
0 |
|a Vorkuta, R.S.F.S.R.
|
| 999 |
|
|
|a MARS
|
| 999 |
f |
f |
|s df7c8d79-8e57-3346-b11e-a25bf0f428c6
|i 3594d28e-5274-3937-ae19-44cd9b34df9f
|t 0
|
| 952 |
f |
f |
|p ric
|a Texas A&M University
|b Rellis Campus
|c Joint Library Facility
|d Remote Storage
|t 0
|e HV8959.R9 S313
|h Library of Congress classification
|i unmediated -- volume
|m A14800815054
|
| 998 |
f |
f |
|a HV8959.R9 S313
|t 0
|l Remote Storage
|